La Galeria de Arte Moderno en ocasion de su inauguracion con orgullo presenta una exhibicion de las esculturas de Robert I. Russin : (Record no. 106626)

MARC details
000 -LEADER
campo de control de longitud fija 00986cam a2200265Ma 4500
001 - NÚMERO DE CONTROL
campo de control 94524
005 - FECHA Y HORA DE LA ÚLTIMA TRANSACCIÓN
campo de control 20230411085730.0
008 - DATOS DE LONGITUD FIJA--INFORMACIÓN GENERAL
campo de control de longitud fija 950822s1976 dr 000 0 spa d
035 ## - NÚMERO DE CONTROL DEL SISTEMA
Número de control de sistema (OCoLC)ocm78864323
040 ## - FUENTE DE CATALOGACIÓN
Centro catalogador/agencia de origen NNMoMA
Centro/agencia transcriptor MMX
Centro/agencia modificador OCLCG
035 ## - NÚMERO DE CONTROL DEL SISTEMA
Número de control de sistema (OCoLC)78864323
049 ## - FONDOS LOCALES (OCLC)
Biblioteca depositaria GRAL
050 14 - SIGNATURA TOPOGRÁFICA DE LA BIBLIOTECA DEL CONGRESO
Número de clasificación R969g 1976
100 1# - ENTRADA PRINCIPAL--NOMBRE DE PERSONA
Nombre de persona Russin, Robert I.,
Fechas asociadas al nombre 1914-2007.
245 13 - MENCIÓN DEL TÍTULO
Título La Galeria de Arte Moderno en ocasion de su inauguracion con orgullo presenta una exhibicion de las esculturas de Robert I. Russin :
Resto del título Santo Domingo, Republica Dominicana, ano de Juan Pablo Duarte, 1976, Bicentenario de la Independencia Norteamericana.
246 34 - FORMA VARIANTE DEL TITULO
Título propio/Titulo breve Robert I. Russin, esculturas
260 ## - PUBLICACIÓN, DISTRIBUCIÓN, ETC.
Lugar de publicación, distribución, etc. Santo Domingo :
Nombre del editor, distribuidor, etc. La Galerâia,
Fecha de publicación, distribución, etc. 1976.
300 ## - DESCRIPCIÓN FÍSICA
Extensión 78 p.
500 ## - NOTA GENERAL
Nota general Spanish and English.
600 10 - PUNTO DE ACCESO ADICIONAL DE MATERIA--NOMBRE DE PERSONA
Nombre de persona Russin, Robert I.,
Fechas asociadas al nombre 1914-2007.
Subdivisión general Exhibitions.
710 2# - ENTRADA AGREGADA--NOMBRE DE ENTIDAD CORPORATIVA
Nombre de entidad corporativa o nombre de jurisdicción como elemento de entrada Galeria de Arte Moderno (Santo Domingo, Dominican Republic)
942 ## - ELEMENTOS DE ENTRADA SECUNDARIOS (KOHA)
Fuente del sistema de clasificación o colocación Clasificación de Library of Congress
Tipo de ítem Koha
994 ## -
-- C0
-- DRFGD
946 ## - PROCESAMIENTO DE INFORMACIÓN LOCAL (OCLC)
a nc
Holdings
Estatus retirado Estado de pérdida Fuente del sistema de clasificación o colocación Estado de daño No para préstamo Colección Biblioteca de origen Biblioteca actual Ubicación en estantería Fecha de adquisición Signatura topográfica completa Código de barras Visto por última vez Copia número Tipo de ítem Koha
    Clasificación de Library of Congress     Automatización y Procesos Técnicos Biblioteca Juan Bosch Biblioteca Juan Bosch Automatización y Procesos Técnicos (1er. Piso) 11/04/2023 R969g 1976 00000088508 17/02/2019 1